Èkonomičeskaja struktura gorodov SŠA : geografičeskoje issledovanije èkonomiki gorodov Sojedinnennych Štatov Ameriki /

Hlavní autor: Alexandersson, Gunnar, 1922-2008
Další autoři: Gochman, Veniamin Maksovič, 1918-1986
Jazyk: Ruština
Vydáno: Moskva : Gosinozdat, 1959
Fyzický popis: 213 s., příl. : il., mapa
Knihy
Uloženo v:
LEADER 00909nam a22002292a 4500
001 001764021
003 CZ BrMZK
005 20240423140208.0
007 ta
008 200820s1959 ru er|||||||||||rus d
040 |a BOA001  |b cze  |e aacr2 
041 1 |a rus  |h eng 
100 1 |a Alexandersson, Gunnar,  |d 1922-2008  |7 ola2004212111  |4 aut 
245 1 0 |a Èkonomičeskaja struktura gorodov SŠA :  |b geografičeskoje issledovanije èkonomiki gorodov Sojedinnennych Štatov Ameriki /  |c Gunnar E. Aleksandersson ; perevod s angl. V.M. Gochman 
260 |a Moskva :  |b Gosinozdat,  |c 1959 
300 |a 213 s., příl. :  |b il., mapa 
700 1 |a Gochman, Veniamin Maksovič,  |d 1918-1986  |7 mzk20241223738  |4 trl 
765 0 |t Industrial structure of American cities  |9 Rusky 
910 |a BOA001  |b 3-0430.716 
990 |a BK 
991 |b 202008 
996 7 |b 2618871542  |c 3-0430.716  |l MZK  |r Sklad / do 1 hodiny  |n 0  |w 001820021  |u 000010  |a 1  |e BOA001  |j MZK50  |s A